000 00601nam a2200205Ia 4500
005 20250508164516.0
008 008 250505s9999 xx 000 0 eng d
037 _aTextual
040 _aFEDL
_beng
_cFEDL
041 _aeng
_2eng
084 _a332, LAL
_qFEDL
245 0 _aGlobalisation of capital: An outline of recent changes in the modus operandi of imperialism
245 0 _cLAL PARCHAM AND LOK DASTA
260 _aPatiala, India
_bLal Parcham
_c1997
300 _a261p.
365 _aINR
_b300
546 _aMACESE
942 _cTEXL
_h332, LAL
999 _c1389492
_d1389492